000 00507nam a2200145Ia 4500
008 151213s9999 xx 000 0 und d
100 _aআ: মান্নান সৈয়দ।
245 _aনজরুল ইসলাম কাজল কালোত্তর।
_cআ: মান্নান সৈয়দ।
260 _aঢাকা
_c1987
300 _a8718 p.
650 _aBangla
650 _aপ্রবন্ধ
700 _aআ: মান্নান সৈয়দ।
999 _c4504
_d4504